| 000 | 00473nam a2200157 a 4500 | ||
|---|---|---|---|
| 005 | 20140412111314.0 | ||
| 008 | 010125s19uu xx 00 eng d | ||
| 020 | _a0-307-06255-4 | ||
| 050 |
_aER _bGl45un 1991 |
||
| 100 | _aLewis, Jean | ||
| 245 |
_aGlow in the dark under the sea / _cwritten by Jean Lewis ; illustrated by Eugenie. |
||
| 260 |
_aNew York : _bA Golden Book, _c1991. |
||
| 300 | _a1 v. (unp.) ; ill. | ||
| 650 | _aSea stories -- Fiction | ||
| 999 |
_c104167 _d104167 |
||